000 00665nam a2200181Ia 4500
008 151202s9999||||xx |||||||||||||| ||und||
082 _bPNVM-54029
100 _aरांगणेकर कुमुदिनी.
245 _aसप्त सुरांची राणी.
260 _b"मधुर प्रकाशन, पुणे."
260 _c1985
300 _a203
600 _aरांगणेकर कुमुदिनी.
630 _aसप्त सुरांची राणी.
700 _aरांगणेकर कुमुदिनी.
730 _aसप्त सुरांची राणी.
942 _cBOOK
999 _c1320568
_d1320565